| 000 | 01235cam a2200361 i 4500 | ||
|---|---|---|---|
| 001 | 19753600 | ||
| 003 | OSt | ||
| 005 | 20230510111319.0 | ||
| 008 | 170622t20172017stka b 001 0 eng | ||
| 010 | _a 2016286632 | ||
| 020 | _a9781474411752 (hardcover) | ||
| 020 | _a9781474411769 (paperback) | ||
| 020 | _a9781474411776 (webready PDF) | ||
| 020 | _z9781474411783 (epub) | ||
| 040 |
_aDLC _beng _erda _cDLC _dDLC |
||
| 042 | _apcc | ||
| 050 | 0 | 0 |
_aPE1135 _b.O34 2017 |
| 100 | 1 |
_aOgden, Richard, _eauthor. |
|
| 245 | 1 | 3 |
_aAn introduction to English phonetics / _cRichard Ogden. |
| 250 | _a2nd ed. | ||
| 264 | 1 |
_aEdinburgh : _bEdinburgh University Press, _c2017 |
|
| 300 | _axv, 221 p. | ||
| 336 |
_atext _btxt _2rdacontent |
||
| 336 |
_astill image _bsti _2rdacontent |
||
| 337 |
_aunmediated _bn _2rdamedia |
||
| 338 |
_avolume _bnc _2rdacarrier |
||
| 490 | 0 | _aEdinburgh textbooks on the English language | |
| 504 | _aIncludes bibliographical references and index. | ||
| 650 | 0 |
_aEnglish language _xPhonetics. |
|
| 906 |
_a7 _bcbc _corigres _d2 _encip _f20 _gy-gencatlg |
||
| 942 |
_2lcc _cBK |
||
| 999 |
_c19630 _d19629 |
||